000 00278 a2200145 4500
001 190788
020 _a
040 _cMagnum
240 1 0 _aO patinho feio
_lpor
245 1 0 _aO patinho feio
300 _a16
362 0 _a1993
697 _aLITERATURA INFANTO
942 _cBK
999 _c190788
_d190788